Todas as séries do Jogandofoddaci (atualizado) - Statistics

Estatísticas Gerais
  • Esse quiz foi jogado 112 vezes
  • A pontuação média é 24 de 35
Estatísticas das Respostas
Membro Resposta % Correto
Carteiro Cósmico Manhunt
95%
Leandro Bife Mario 64
89%
Carteiro Cósmico Manhunt 2
83%
Co-op Cuphead
80%
Gemaplys Max Payne 3
80%
Co-op Minecraft
75%
Leandro Bife Clock Tower
72%
Gemaplys God of War 2
72%
Gemaplys Clock Tower 2
71%
Carteiro Cósmico Clock Tower 3
69%
Leandro Bife GTA 3
69%
Carteiro Cósmico GTA San Andreas
69%
Gemaplys Crash Bandicoot Remastered
68%
Gemaplys GTA Vice City
68%
Saiko Crash Bandicoot 2: Cortex Strikes Back
66%
Carteiro Cósmico God Of War
66%
Carteiro Cósmico Resident Evil Village
66%
Leandro Bife Star Wars: Jedi Fallen Order
66%
Gemaplys The Godfather
66%
Carteiro Cósmico Crash Bandicoot 3: Warped
65%
Leandro Bife Dark Souls
65%
Carteiro Cósmico Sekiro
65%
Carteiro Cósmico Bully
63%
Leandro Bife Crash Bandicoot
63%
Carteiro Cósmico Dead Space
63%
Gemaplys Resident Evil 7
63%
Leandro Bife Amnesia: The Dark Descent
62%
Gemaplys F.E.A.R
62%
Gemaplys Ghost Rider
62%
Carteiro Cósmico Postal 2
62%
Leandro Bife Clock Tower: The First Fear
58%
Leandro Bife Shadow The Hedgehog
58%
Carteiro Cósmico Crash Twinsanity
55%
Carteiro Cósmico Kung Fu Panda
55%
Carteiro Cósmico The Warriors
54%
Nenhum quiz correspondente encontrado
Distribuição das Pontuações
Porcentagem de Pessoas com Cada Pontuação
Percentil de Números Respondidos
Sua Pontuação Histórica
Você não jogou esse quiz